000 00368nam a2200133Ia 4500
008 151001s9999||||xx |||||||||||||| ||und||
100 _aदेवदत्त पाटील
245 _aगंधवेडा
250 _a1
260 _bराजेंद्र प्रकाशन ठाणे
260 _c1981
300 _a167
365 _b18
999 _c969133
_d969130